[Event "Madrid ch veteranos 2014"]
[Site "Madrid ESP"]
[Date "2014.01.07"]
[Round "1.1"]
[White "Roldan Garcia, Angel"]
[Black "Casares Ripoll, Fernando"]
[Result "0-1"]
[WhiteElo "1759"]
[BlackElo "2115"]
[PlyCount "44"]
[EventDate "2014.01.07"]
[EventType "swiss"]
[EventRounds "9"]
[EventCountry "ESP"]
[Source "lmi"]
[SourceDate "2014.01.07"]

1. e4 c5 2. Nf3 Nf6 3. e5 Nd5 4. c3 d6 5. d4 cxd4 6. cxd4 e6 7. Bb5+ Bd7 8.
Bxd7+ Nxd7 9. O-O Be7 10. Nbd2 dxe5 11. dxe5 Qc7 12. a3 O-O 13. Re1 Rfd8 14.
Qe2 Rac8 15. Nd4 Nf4 16. Qe4 Qxe5 17. N2f3 Qxe4 18. Rxe4 Nd3 19. Bg5 Bxg5 20.
Nxg5 Nf6 21. Rh4 Nc1 22. h3 Rxd4 0-1

[Event "Madrid ch veteranos 2014"]
[Site "Madrid ESP"]
[Date "2014.01.07"]
[Round "1.2"]
[White "Gonzalez Rivera, Eduardo"]
[Black "Calderon Martin, Antonio"]
[Result "1-0"]
[WhiteElo "2084"]
[BlackElo "1744"]
[PlyCount "57"]
[EventDate "2014.01.07"]
[EventType "swiss"]
[EventRounds "9"]
[EventCountry "ESP"]
[Source "lmi"]
[SourceDate "2014.01.07"]

1. e4 e5 2. Nf3 Nc6 3. Bb5 Bc5 4. c3 Nge7 5. O-O Bb6 6. d4 exd4 7. cxd4 d5 8.
e5 Bg4 9. Be3 O-O 10. Be2 Nf5 11. Nbd2 Bxf3 12. Nxf3 Nh4 13. Nxh4 Qxh4 14. g3
Qd8 15. f4 Ne7 16. Bd3 f5 17. exf6 Rxf6 18. g4 Qd6 19. g5 Re6 20. Rf3 Rxe3 21.
Rxe3 Qxf4 22. Rg3 Bxd4+ 23. Kh1 c5 24. Qe2 Nf5 25. Qe6+ Kh8 26. Bxf5 g6 27.
Bxg6 hxg6 28. Rh3+ Kg7 29. Qd7+ 1-0

[Event "Madrid ch veteranos 2014"]
[Site "Madrid ESP"]
[Date "2014.01.07"]
[Round "1.3"]
[White "Perez Cristobal, Alberto"]
[Black "Cabanas Bravo, Juan Andres"]
[Result "1/2-1/2"]
[WhiteElo "1736"]
[BlackElo "2072"]
[PlyCount "158"]
[EventDate "2014.01.07"]
[EventType "swiss"]
[EventRounds "9"]
[EventCountry "ESP"]
[Source "lmi"]
[SourceDate "2014.01.07"]

1. e4 d5 2. exd5 Nf6 3. c4 c6 4. dxc6 Nxc6 5. Nf3 e5 6. d3 e4 7. Ng5 Bg4 8. Be2
Bxe2 9. Qxe2 Nd4 10. Qd2 Bb4 11. Nc3 Qa5 12. Rb1 O-O 13. O-O exd3 14. Qxd3 Rad8
15. Nd5 Rxd5 16. cxd5 Qxd5 17. a3 Re8 18. Kh1 Bc5 19. b4 Bb6 20. Bd2 Rd8 21.
Rfe1 h6 22. Ne4 Ng4 23. Qg3 h5 24. h3 Nf5 25. Qf4 Ngh6 26. Bc3 Qc6 27. Rbd1
Rxd1 28. Rxd1 Bxf2 29. Nxf2 Qxc3 30. Rd3 Qe1+ 31. Kh2 Qf1 32. Rd8+ Kh7 33. Nd3
Qa1 34. Ne5 g5 35. Qe4 Qxa3 36. Nxf7 Qg3+ 37. Kg1 Qc7 38. Nxg5+ Kg6 39. Ne6
Qb6+ 40. Kh2 Kf6 41. Rf8+ Ke7 42. Qe5 Qd6 43. Qxd6+ Nxd6 44. Rh8 Nhf7 45. Rxh5
Kxe6 46. g4 Ne4 47. h4 Ne5 48. Rh7 Nxg4+ 49. Kg2 Nd6 50. Kg3 Nf6 51. Rh8 Nd5
52. h5 Nf5+ 53. Kg4 Nf6+ 54. Kg5 Nd6 55. Kg6 Nf7 56. Rb8 Ne5+ 57. Kg5 Ne4+ 58.
Kh6 Kf6 59. Rxb7 Nf7+ 60. Kh7 Neg5+ 61. Kg8 Nh6+ 62. Kh8 Nhf7+ 63. Kg8 Nh6+ 64.
Kf8 Ne6+ 65. Ke8 Ng7+ 66. Kd7 Nxh5 67. Rxa7 Nf7 68. Ra6+ Kf5 69. Ra5+ Kg6 70.
b5 Nf6+ 71. Kc6 Nd8+ 72. Kc7 Ne6+ 73. Kd6 Nd8 74. Ra6 Kf7 75. Ra7+ Ke8 76. b6
Ne4+ 77. Kd5 Nf6+ 78. Kc4 Ne4 79. Kd5 Nf6+ 1/2-1/2

[Event "Madrid ch veteranos 2014"]
[Site "Madrid ESP"]
[Date "2014.01.07"]
[Round "1.4"]
[White "Gil Sierra, Jacinto"]
[Black "Algaba Traspuesto, Jose Antoni"]
[Result "1-0"]
[WhiteElo "2061"]
[BlackElo "1726"]
[PlyCount "79"]
[EventDate "2014.01.07"]
[EventType "swiss"]
[EventRounds "9"]
[EventCountry "ESP"]
[Source "lmi"]
[SourceDate "2014.01.07"]

1. e4 e6 2. d4 d5 3. Nc3 dxe4 4. Nxe4 Bd7 5. Nf3 Bc6 6. Bd3 Nd7 7. O-O Ngf6 8.
Qe2 Bxe4 9. Bxe4 Nxe4 10. Qxe4 c6 11. Bg5 Be7 12. Bxe7 Qxe7 13. c4 Nf6 14. Qe2
O-O 15. Rad1 Rad8 16. a3 Qc7 17. Rd3 Rfe8 18. Rfd1 h6 19. Ne5 Nd7 20. Ng4 Qf4
21. Ne5 Nxe5 22. Qxe5 Qxe5 23. dxe5 Rxd3 24. Rxd3 Re7 25. Rd8+ Kh7 26. f4 f6
27. exf6 gxf6 28. Kf2 e5 29. fxe5 fxe5 30. Ke3 Kg6 31. Ke4 Kf7 32. g4 Kg7 33.
h4 Kf7 34. Rd6 Kg7 35. c5 Rf7 36. Kxe5 Rf2 37. Rd7+ Kg6 38. Rxb7 Rd2 39. b4
Rd5+ 40. Ke4 1-0

[Event "Madrid ch veteranos 2014"]
[Site "Madrid ESP"]
[Date "2014.01.07"]
[Round "1.5"]
[White "Ruiz Castro, Manuel"]
[Black "Martin Martin, Luis Vicente"]
[Result "0-1"]
[WhiteElo "1722"]
[BlackElo "2051"]
[PlyCount "96"]
[EventDate "2014.01.07"]
[EventType "swiss"]
[EventRounds "9"]
[EventCountry "ESP"]
[Source "lmi"]
[SourceDate "2014.01.07"]

1. e4 d5 2. exd5 Qxd5 3. Nc3 Qa5 4. d3 Nf6 5. Bd2 g6 6. Ne4 Qb6 7. Nxf6+ exf6
8. Bc3 Bg7 9. Nf3 O-O 10. Be2 c5 11. O-O Nc6 12. Nd2 Nd4 13. Bxd4 cxd4 14. b3
Be6 15. Nc4 Qc7 16. Bf3 Rac8 17. a4 b6 18. Qd2 Rfd8 19. Rfe1 a6 20. Ra2 Bf8 21.
g3 Bd5 22. Bxd5 Rxd5 23. Qd1 Bb4 24. Re4 f5 25. Re2 Rc5 26. Kg2 b5 27. axb5
axb5 28. Nd2 Rxc2 29. Re8+ Rxe8 30. Rxc2 Qd7 31. Nf3 Qd5 32. Re2 Ra8 33. Re5
Qc6 34. Qe2 Bd6 35. h3 Bxe5 36. Qxe5 Rd8 37. b4 Qd5 38. Qf4 Kg7 39. Kh2 Qd6 40.
Qd2 h6 41. h4 Rc8 42. Qb2 Rc3 43. Qe2 Rb3 44. Qe8 Rxb4 45. h5 g5 46. Qc8 Qd5
47. Nxg5 Rb1 48. f3 Qa2+ 0-1

[Event "Madrid ch veteranos 2014"]
[Site "Madrid ESP"]
[Date "2014.01.07"]
[Round "1.6"]
[White "Ciuro Munoz, Ricardo"]
[Black "Beekhof Harmsen, Willen"]
[Result "1/2-1/2"]
[WhiteElo "2030"]
[BlackElo "1715"]
[PlyCount "63"]
[EventDate "2014.01.07"]
[EventType "swiss"]
[EventRounds "9"]
[EventCountry "ESP"]
[Source "lmi"]
[SourceDate "2014.01.07"]

1. e4 d6 2. d4 Nf6 3. Nc3 g6 4. f3 Bg7 5. Be3 O-O 6. Qd2 Re8 7. O-O-O c6 8. g4
Qc7 9. h4 h5 10. g5 Nfd7 11. f4 e5 12. dxe5 dxe5 13. f5 b5 14. fxg6 fxg6 15.
Bh3 Nb6 16. Bxc8 Nc4 17. Qe2 Nxe3 18. Qxe3 Qxc8 19. Nf3 Qe6 20. Kb1 a5 21. Rd3
Na6 22. Rhd1 Bf8 23. Qb6 Bc5 24. Qb7 Ra7 25. Qxa7 Bxa7 26. Rd6 Qf7 27. Rf6 Qc4
28. Rxg6+ Kf8 29. Rf6+ Kg8 30. Rg6+ Kf8 31. Rf6+ Kg8 32. Rg6+ 1/2-1/2

[Event "Madrid ch veteranos 2014"]
[Site "Madrid ESP"]
[Date "2014.01.07"]
[Round "1.7"]
[White "Canseco Arenas, Alfonso"]
[Black "Estrada Martinez, Cesar"]
[Result "0-1"]
[WhiteElo "1704"]
[BlackElo "2028"]
[PlyCount "76"]
[EventDate "2014.01.07"]
[EventType "swiss"]
[EventRounds "9"]
[EventCountry "ESP"]
[Source "lmi"]
[SourceDate "2014.01.07"]

1. e4 c5 2. Nf3 g6 3. d4 cxd4 4. Nxd4 Nf6 5. Nc3 Nc6 6. Be3 Bg7 7. f3 O-O 8.
Qd2 d5 9. Nxc6 bxc6 10. e5 Ne8 11. f4 f6 12. exf6 Nxf6 13. Be2 Ng4 14. Bc5 Rb8
15. Nd1 Qc7 16. O-O Bf5 17. c3 Nf6 18. Nf2 Ne4 19. Nxe4 Bxe4 20. Bd4 Bh6 21. g3
e5 22. Bc5 Rf7 23. b4 exf4 24. Bg4 Re8 25. Rae1 Qe5 26. Bf3 Qg5 27. g4 Bg7 28.
h3 Qh4 29. Qg2 Bxc3 30. Rc1 Qf6 31. Kh2 Bd4 32. Rfe1 Bxc5 33. Rxc5 Rfe7 34.
Bxe4 dxe4 35. Rc4 f3 36. Qg3 e3 37. Rf4 Qb2+ 38. Kh1 f2 0-1

[Event "Madrid ch veteranos 2014"]
[Site "Madrid ESP"]
[Date "2014.01.07"]
[Round "1.8"]
[White "Gonzalez Mateos, Rafael"]
[Black "Urena Castellanos, Antonio"]
[Result "1-0"]
[WhiteElo "2015"]
[BlackElo "1701"]
[PlyCount "91"]
[EventDate "2014.01.07"]
[EventType "swiss"]
[EventRounds "9"]
[EventCountry "ESP"]
[Source "lmi"]
[SourceDate "2014.01.07"]

1. d4 Nf6 2. c3 d5 3. Bg5 e6 4. Nd2 c5 5. e3 Nc6 6. Ngf3 Be7 7. Bd3 h6 8. Bh4
Qb6 9. Qc2 c4 10. Be2 a5 11. O-O Qd8 12. b3 b5 13. a4 cxb3 14. Nxb3 b4 15. Bb5
Bd7 16. Bxc6 Bxc6 17. cxb4 Rc8 18. Nc5 axb4 19. Rfb1 Bxc5 20. Qxc5 Qe7 21.
Qxe7+ Kxe7 22. Rxb4 g5 23. Bg3 Ne4 24. Ne5 Nxg3 25. hxg3 Ba8 26. Nd3 Rc4 27.
Rab1 Bc6 28. Ne5 Rc3 29. Nxc6+ Rxc6 30. Rb7+ Kf6 31. Rb8 Rxb8 32. Rxb8 Ra6 33.
Rb4 Ke7 34. Kf1 Kd6 35. Ke2 f5 36. Kd2 Rc6 37. f3 Kc7 38. Rb2 Kd6 39. a5 Ra6
40. Rb5 e5 41. dxe5+ Kxe5 42. Kd3 h5 43. f4+ gxf4 44. gxf4+ Kd6 45. Rb6+ Rxb6
46. axb6 1-0

[Event "Madrid ch veteranos 2014"]
[Site "Madrid ESP"]
[Date "2014.01.07"]
[Round "1.9"]
[White "Benitez Cadenas, Luis Miguel"]
[Black "Garcia Gutierrez, Jose"]
[Result "0-1"]
[WhiteElo "1696"]
[BlackElo "2006"]
[PlyCount "38"]
[EventDate "2014.01.07"]
[EventType "swiss"]
[EventRounds "9"]
[EventCountry "ESP"]
[Source "lmi"]
[SourceDate "2014.01.07"]

1. d4 d5 2. Nf3 Nf6 3. g3 c6 4. Bg2 h6 5. O-O Bf5 6. c4 e6 7. b3 Be7 8. Nc3 O-O
9. Nd2 Qb6 10. e4 Bg4 11. f3 Qxd4+ 12. Kh1 Qxc3 13. Rb1 Bh5 14. Bb2 Qa5 15.
cxd5 cxd5 16. exd5 Nxd5 17. Ne4 Nc6 18. g4 Bg6 19. Qd3 Rad8 0-1

[Event "Madrid ch veteranos 2014"]
[Site "Madrid ESP"]
[Date "2014.01.07"]
[Round "1.10"]
[White "Fuentes Arjona, Antonio"]
[Black "Martinez Miura, Enrique"]
[Result "1/2-1/2"]
[WhiteElo "1992"]
[BlackElo "1690"]
[PlyCount "67"]
[EventDate "2014.01.07"]
[EventType "swiss"]
[EventRounds "9"]
[EventCountry "ESP"]
[Source "lmi"]
[SourceDate "2014.01.07"]

1. e4 e6 2. d4 d5 3. Nd2 dxe4 4. Nxe4 Nd7 5. Nf3 Ngf6 6. Bd3 Nxe4 7. Bxe4 Nf6
8. Bd3 Be7 9. O-O O-O 10. Re1 b6 11. Bg5 Bb7 12. c3 h6 13. Bh4 Nh5 14. Be4 Bxe4
15. Rxe4 Bxh4 16. Rxh4 Nf6 17. Ne5 Nd7 18. Re4 Nxe5 19. Rxe5 Qd6 20. Qe2 Rac8
21. Rd1 Rfd8 22. c4 c5 23. d5 exd5 24. Rdxd5 Qg6 25. Qd1 Rxd5 26. Rxd5 Qf6 27.
b3 Re8 28. h3 Qc3 29. Kh2 Qb2 30. Rd2 Qe5+ 31. Kg1 g6 32. Rd7 Re7 33. Rxe7 Qxe7
34. Qf3 1/2-1/2

[Event "Madrid ch veteranos 2014"]
[Site "Madrid ESP"]
[Date "2014.01.08"]
[Round "2.1"]
[White "Casares Ripoll, Fernando"]
[Black "Hernandez Gutierrez, Jose"]
[Result "1-0"]
[WhiteElo "2115"]
[BlackElo "1835"]
[PlyCount "145"]
[EventDate "2014.01.07"]
[EventType "swiss"]
[EventRounds "9"]
[EventCountry "ESP"]
[Source "lmi"]
[SourceDate "2014.01.07"]

1. c4 Nf6 2. Nc3 e6 3. g3 d5 4. Bg2 c6 5. cxd5 exd5 6. d3 Be7 7. Nf3 O-O 8. O-O
Nbd7 9. e4 dxe4 10. dxe4 Re8 11. Qc2 Qc7 12. Nd5 Nxd5 13. exd5 c5 14. Re1 Nf6
15. Bf4 Bd6 16. Rxe8+ Nxe8 17. Ng5 g6 18. Be3 Nf6 19. Rc1 Bf5 20. Qc3 Nd7 21.
Ne4 Bxe4 22. Bxe4 f5 23. Bg2 f4 24. Bxf4 Bxf4 25. gxf4 Qxf4 26. Re1 Rf8 27. Qe3
b6 28. Bh3 Qxe3 29. Rxe3 Nf6 30. Re7 Rd8 31. Be6+ Kh8 32. Rxa7 Nxd5 33. Bxd5
Rxd5 34. Rb7 Rd6 35. Kg2 Kg8 36. Kg3 h6 37. h4 Rf6 38. Kg4 Kh8 39. f4 Rd6 40.
h5 gxh5+ 41. Kxh5 Rf6 42. Kg4 Kg8 43. f5 Rd6 44. Kf4 Rf6 45. Ke5 Rf7 46. Rxb6
Kg7 47. Rg6+ Kh7 48. Rc6 Rb7 49. b3 Ra7 50. Rxc5 Rxa2 51. Rc7+ Kg8 52. b4 Ra6
53. Rb7 h5 54. f6 Ra1 55. Ke6 Re1+ 56. Kf5 h4 57. Rg7+ Kh8 58. Rg4 Rf1+ 59. Kg6
Kg8 60. Rxh4 Rg1+ 61. Kf5 Rf1+ 62. Ke5 Re1+ 63. Re4 Rb1 64. Ke6 Kf8 65. Kd6 Kf7
66. Rf4 Rd1+ 67. Kc6 Rd8 68. b5 Ke6 69. f7 Rc8+ 70. Kb7 Rf8 71. b6 Ke5 72. Rf1
Kd6 73. Ka7 1-0

[Event "Madrid ch veteranos 2014"]
[Site "Madrid ESP"]
[Date "2014.01.08"]
[Round "2.2"]
[White "Perez Cameselle, Francisco"]
[Black "Gonzalez Rivera, Eduardo"]
[Result "0-1"]
[WhiteElo "1847"]
[BlackElo "2084"]
[PlyCount "84"]
[EventDate "2014.01.07"]
[EventType "swiss"]
[EventRounds "9"]
[EventCountry "ESP"]
[Source "lmi"]
[SourceDate "2014.01.07"]

1. d4 Nf6 2. c4 g6 3. g3 d5 4. cxd5 Nxd5 5. Nc3 Bg7 6. Bg2 Nb6 7. Nf3 O-O 8.
O-O c6 9. h3 Be6 10. e4 Qc8 11. Kh2 Rd8 12. Bg5 Qd7 13. e5 h6 14. Bc1 Na6 15.
b3 Nb4 16. a3 N4d5 17. Ne4 Qc7 18. Bb2 Bf5 19. Nc5 Nd7 20. Qe2 Nxc5 21. dxc5 b6
22. cxb6 axb6 23. Rac1 c5 24. Rfe1 Qa7 25. Nh4 Be6 26. f4 Rd7 27. Qf3 Rad8 28.
f5 gxf5 29. Nxf5 Bxf5 30. Qxf5 e6 31. Qh5 Ne7 32. Rcd1 Ng6 33. Rxd7 Qxd7 34.
Bc1 Qd4 35. Bxh6 Bxe5 36. Be3 Qc3 37. Re2 Rd3 38. Qg5 Bf6 39. Qh6 Qe5 40. Bf3
Bg7 41. Qg5 Qxg5 42. Bxg5 Rxb3 0-1

[Event "Madrid ch veteranos 2014"]
[Site "Madrid ESP"]
[Date "2014.01.08"]
[Round "2.3"]
[White "Lopez Peral, Enrique"]
[Black "Gil Sierra, Jacinto"]
[Result "0-1"]
[WhiteElo "1797"]
[BlackElo "2061"]
[PlyCount "112"]
[EventDate "2014.01.07"]
[EventType "swiss"]
[EventRounds "9"]
[EventCountry "ESP"]
[Source "lmi"]
[SourceDate "2014.01.07"]

1. c4 e5 2. Nc3 Nc6 3. g3 f5 4. Bg2 Nf6 5. d3 Bb4 6. a3 Bxc3+ 7. bxc3 O-O 8. e3
d6 9. Ne2 Bd7 10. Qc2 Rb8 11. O-O Na5 12. Bd2 Bc6 13. Bxc6 Nxc6 14. d4 e4 15.
Nf4 Qe7 16. Nd5 Qf7 17. Nxf6+ Qxf6 18. Rab1 Qf7 19. Qa4 Qe8 20. Qb5 b6 21. Qd5+
Kh8 22. f4 Ne7 23. Qb5 c6 24. Qb4 c5 25. Qb5 Qxb5 26. Rxb5 Nc6 27. Rfb1 Kg8 28.
a4 Kf7 29. Kg2 Na5 30. Bc1 Nxc4 31. R5b3 Ke6 32. Kf2 Rbc8 33. h4 h5 34. Ke2 Rc7
35. Kd1 Rfc8 36. Bd2 Na5 37. R3b2 Nc4 38. Rb3 cxd4 39. exd4 e3 40. Be1 Kd5 41.
Rb5+ Ke4 42. Ke2 Na3 43. R1b3 Nxb5 44. axb5 Rc4 45. Ra3 R8c7 46. Ra1 Rxc3 47.
Bxc3 Rxc3 48. Rxa7 Rc2+ 49. Kd1 Rg2 50. d5 Rxg3 51. Ra4+ Kf3 52. Kc2 Rg2+ 53.
Kd3 Rd2+ 54. Kc3 Rxd5 55. Ra1 e2 56. Rh1 Rd1 0-1

[Event "Madrid ch veteranos 2014"]
[Site "Madrid ESP"]
[Date "2014.01.08"]
[Round "2.4"]
[White "Martin Martin, Luis Vicente"]
[Black "Keller, August"]
[Result "1-0"]
[WhiteElo "2051"]
[BlackElo "1791"]
[PlyCount "94"]
[EventDate "2014.01.07"]
[EventType "swiss"]
[EventRounds "9"]
[EventCountry "ESP"]
[Source "lmi"]
[SourceDate "2014.01.07"]

1. e4 c6 2. d4 d5 3. exd5 cxd5 4. Bd3 Nc6 5. c3 e5 6. dxe5 Nxe5 7. Bb5+ Nc6 8.
Qe2+ Be7 9. Nf3 Nf6 10. O-O O-O 11. Bf4 Bg4 12. h3 Bxf3 13. Qxf3 Qb6 14. Bxc6
bxc6 15. Qe2 Rfe8 16. Qc2 Ne4 17. Nd2 Nxf2 18. Rxf2 Bc5 19. Nf3 Re4 20. Nd4
Bxd4 21. cxd4 Qxd4 22. Qd2 Qb6 23. Kh2 Rae8 24. Raf1 f6 25. Bd6 R8e6 26. Ba3
R6e5 27. b3 c5 28. Bb2 d4 29. Qc2 Qd6 30. Qc4+ Rd5+ 31. Kg1 Kf8 32. Re2 Qe6 33.
Rxe4 Qxe4 34. Ba3 Qe3+ 35. Kh1 Qg5 36. Rc1 d3 37. Bxc5+ Kf7 38. Rd1 Kg6 39.
Qe4+ Qf5 40. Qe8+ Kh6 41. Be3+ g5 42. Qf8+ Kg6 43. Qg8+ Kh6 44. Bd2 Rc5 45. Bb4
Rc8 46. Bf8+ Rxf8 47. Qxf8+ Kg6 1-0

[Event "Madrid ch veteranos 2014"]
[Site "Madrid ESP"]
[Date "2014.01.08"]
[Round "2.5"]
[White "Estrada Martinez, Cesar"]
[Black "Leniz Martinez, Francisco"]
[Result "1-0"]
[WhiteElo "2028"]
[BlackElo "1774"]
[PlyCount "71"]
[EventDate "2014.01.07"]
[EventType "swiss"]
[EventRounds "9"]
[EventCountry "ESP"]
[Source "lmi"]
[SourceDate "2014.01.07"]

1. d4 d5 2. c4 c6 3. Nf3 Nf6 4. Nc3 e6 5. Bg5 Be7 6. e3 O-O 7. Bd3 Nbd7 8. O-O
Re8 9. Qc2 b6 10. Ne5 Nxe5 11. dxe5 dxc4 12. exf6 cxd3 13. fxe7 Qd7 14. Qa4 f6
15. Bh4 Rxe7 16. Rad1 c5 17. Qc4 a5 18. Rxd3 Qe8 19. a4 Ba6 20. Nb5 Rd8 21.
Rfd1 Red7 22. h3 Rxd3 23. Rxd3 Rd7 24. Bg3 Kh8 25. e4 h6 26. e5 fxe5 27. Rxd7
Qxd7 28. Bxe5 Bb7 29. Qg4 Bd5 30. Nd6 Bb3 31. Ne8 Qd1+ 32. Qxd1 Bxd1 33. Nxg7
Bxa4 34. Nxe6+ Kh7 35. Bc7 Bb3 36. Nf8+ 1-0

[Event "Madrid ch veteranos 2014"]
[Site "Madrid ESP"]
[Date "2014.01.08"]
[Round "2.6"]
[White "Alvarez Escudero, Manuel"]
[Black "Gonzalez Mateos, Rafael"]
[Result "0-1"]
[WhiteElo "1782"]
[BlackElo "2015"]
[PlyCount "64"]
[EventDate "2014.01.07"]
[EventType "swiss"]
[EventRounds "9"]
[EventCountry "ESP"]
[Source "lmi"]
[SourceDate "2014.01.07"]

1. e4 e6 2. c3 d5 3. exd5 exd5 4. d4 Nf6 5. Nf3 Be7 6. Bd3 O-O 7. O-O Bg4 8. h3
Bh5 9. Be3 Nbd7 10. Nbd2 c6 11. Qc2 Bg6 12. Ne5 Bxd3 13. Qxd3 Re8 14. Rfe1 Bd6
15. Bf4 Qc7 16. Nxd7 Qxd7 17. Bxd6 Qxd6 18. Re3 Rxe3 19. fxe3 Re8 20. Re1 Qg3
21. Re2 Ne4 22. b3 f5 23. c4 Nxd2 24. Qxd2 Qd6 25. Qd3 g6 26. cxd5 Qxd5 27. Qc4
Qxc4 28. bxc4 b5 29. Kf2 b4 30. Rb2 a5 31. Rb3 f4 32. a3 Rxe3 0-1

[Event "Madrid ch veteranos 2014"]
[Site "Madrid ESP"]
[Date "2014.01.08"]
[Round "2.7"]
[White "Garcia Gutierrez, Jose"]
[Black "Rodriguez Bachiller, Luis"]
[Result "1-0"]
[WhiteElo "2006"]
[BlackElo "1769"]
[PlyCount "93"]
[EventDate "2014.01.07"]
[EventType "swiss"]
[EventRounds "9"]
[EventCountry "ESP"]
[Source "lmi"]
[SourceDate "2014.01.07"]

1. e4 e6 2. d4 d5 3. Nd2 dxe4 4. Nxe4 Nd7 5. Nf3 Ngf6 6. Neg5 h6 7. Nxe6 fxe6
8. Bd3 Be7 9. Bg6+ Kf8 10. O-O Kg8 11. Re1 Nf8 12. Bd3 Bd6 13. c4 c6 14. Bd2
Bd7 15. Bc3 Be8 16. Qc2 Bf7 17. b4 Rc8 18. Rad1 b5 19. Ne5 Qc7 20. Nxf7 Kxf7
21. h3 bxc4 22. Bxc4 Nd5 23. a3 a5 24. bxa5 Bxa3 25. Qb3 Bd6 26. Bd2 Rb8 27.
Qf3+ Kg8 28. Qg4 Qf7 29. Re2 Qf5 30. a6 Qxg4 31. hxg4 Bb4 32. Rb1 Bd6 33. Ra1
Nc7 34. g3 Ra8 35. Ree1 Nb5 36. Be3 Bb4 37. Reb1 Bc3 38. Ra2 Bxd4 39. Bxb5 Bxe3
40. Bxc6 Rxa6 41. Rxa6 Bd4 42. Ra8 Kf7 43. Rbb8 g5 44. Be8+ Ke7 45. Bh5 Bg7 46.
Kg2 Rh7 47. Rb7+ 1-0

[Event "Madrid ch veteranos 2014"]
[Site "Madrid ESP"]
[Date "2014.01.08"]
[Round "2.8"]
[White "Lopez Heras, Arturo"]
[Black "Romero Jaime, Pedro"]
[Result "1-0"]
[WhiteElo "1948"]
[BlackElo "1620"]
[PlyCount "78"]
[EventDate "2014.01.07"]
[EventType "swiss"]
[EventRounds "9"]
[EventCountry "ESP"]
[Source "lmi"]
[SourceDate "2014.01.07"]

1. c4 c5 2. Nf3 Nf6 3. Nc3 Nc6 4. d4 cxd4 5. Nxd4 e5 6. Nxc6 bxc6 7. e4 Bc5 8.
Bd3 h6 9. O-O O-O 10. Rb1 a5 11. Na4 Be7 12. Be3 Rb8 13. c5 d6 14. f3 Be6 15.
b3 Qc7 16. cxd6 Bxd6 17. Nc5 Qa7 18. Qc1 Qa8 19. Nxe6 fxe6 20. Bc4 Rfe8 21. Rd1
Bf8 22. Qc3 Qb7 23. Qxe5 Qe7 24. Rd2 Nd7 25. Qxa5 Ra8 26. Qc7 Rad8 27. Ra1 Qb4
28. Rxd7 Rc8 29. Qg3 Kh8 30. Bd4 e5 31. Bxe5 Qc5+ 32. Bd4 Qg5 33. Qxg5 hxg5 34.
h4 Kh7 35. Kf2 Red8 36. Be3 Be7 37. Rxd8 Bxd8 38. Rd1 c5 39. Rd5 Bf6 1-0

[Event "Madrid ch veteranos 2014"]
[Site "Madrid ESP"]
[Date "2014.01.08"]
[Round "2.9"]
[White "Corredor Gonzalez, Angel L"]
[Black "Serrano Martin, Antonio"]
[Result "0-1"]
[WhiteElo "1771"]
[BlackElo "2036"]
[PlyCount "68"]
[EventDate "2014.01.07"]
[EventType "swiss"]
[EventRounds "9"]
[EventCountry "ESP"]
[Source "lmi"]
[SourceDate "2014.01.07"]

1. e4 c5 2. Nf3 Nc6 3. d4 cxd4 4. Nxd4 Nf6 5. Nc3 d6 6. Be3 a6 7. Be2 e6 8. O-O
Be7 9. f4 O-O 10. Nb3 b5 11. Bf3 Bb7 12. Qe2 Qc7 13. Qf2 Nd7 14. f5 Nce5 15.
Qg3 exf5 16. Bh6 Bf6 17. Nd4 Qb6 18. Rad1 Nxf3+ 19. gxf3 Bxd4+ 20. Kh1 Kh8 21.
Bf4 Be5 22. exf5 Bxf4 23. Qxf4 Ne5 24. Ne4 Bxe4 25. fxe4 f6 26. h4 Rac8 27. Rd2
Rc6 28. h5 h6 29. Rg2 Nf7 30. Rg3 Ng5 31. Rf2 Qd4 32. Rfg2 Rxc2 33. Rxc2 Qd1+
34. Kg2 Qxc2+ 0-1

[Event "Madrid ch veteranos 2014"]
[Site "Madrid ESP"]
[Date "2014.01.08"]
[Round "2.10"]
[White "Olano Lanchas, Dionisio"]
[Black "Fernandez Garcia, Ignacio"]
[Result "0-1"]
[WhiteElo "1763"]
[BlackElo "1893"]
[PlyCount "78"]
[EventDate "2014.01.07"]
[EventType "swiss"]
[EventRounds "9"]
[EventCountry "ESP"]
[Source "lmi"]
[SourceDate "2014.01.07"]

1. e4 d6 2. d4 Nf6 3. Bd3 g6 4. c4 Bg7 5. Nc3 O-O 6. Nge2 Nc6 7. a3 e5 8. d5
Nd4 9. Nxd4 exd4 10. Ne2 Ng4 11. h3 Ne5 12. Nxd4 f5 13. exf5 Nxd3+ 14. Qxd3
Bxd4 15. Qxd4 Re8+ 16. Be3 Bxf5 17. O-O Re4 18. Qc3 Qh4 19. Rac1 Rae8 20. Bd2
c5 21. dxc6 bxc6 22. f4 Be6 23. Qd3 d5 24. cxd5 Bxd5 25. b4 Re2 26. Rf3 Bxf3
27. Qxf3 Rxd2 28. Rxc6 Qe1+ 29. Kh2 Qe3 30. Qg4 Qe4 31. Rc5 Rd4 32. Kg3 Qe3+
33. Qf3 Qd2 34. Qb3+ Kf8 35. Qf3 Rd3 36. Rc7 Rxf3+ 37. gxf3 Qe1+ 38. Kg4 h5+
39. Kg5 Qg3+ 0-1

[Event "Madrid ch veteranos 2014"]
[Site "Madrid ESP"]
[Date "2014.01.09"]
[Round "3.1"]
[White "Fernandez Garcia, Ignacio"]
[Black "Casares Ripoll, Fernando"]
[Result "0-1"]
[WhiteElo "1893"]
[BlackElo "2115"]
[PlyCount "74"]
[EventDate "2014.01.07"]
[EventType "swiss"]
[EventRounds "9"]
[EventCountry "ESP"]
[Source "lmi"]
[SourceDate "2014.01.07"]

1. e4 d5 2. exd5 Nf6 3. Nc3 Nxd5 4. Qf3 e6 5. Bc4 Nb6 6. Bb3 Bd7 7. Nge2 c5 8.
d3 Bc6 9. Qg4 h5 10. Qg3 h4 11. Qh3 Qf6 12. Rg1 N8d7 13. Bd2 Bd6 14. f4 O-O-O
15. O-O-O Qg6 16. Rdf1 f5 17. Rf2 Rde8 18. g3 Nf6 19. gxh4 Ng4 20. Rff1 c4 21.
dxc4 Bc5 22. Rg3 Qf6 23. Rxg4 fxg4 24. Qxg4 Rxh4 25. Qg3 Reh8 26. Qd3 Rxh2 27.
Ne4 Bxe4 28. Qxe4 Qf5 29. Qxf5 exf5 30. Nc3 Rg2 31. a4 Rhh2 32. Nb1 Nd7 33. c3
Nf6 34. Bc2 Ne4 35. b4 Nxd2 36. Bxf5+ Kc7 37. bxc5 Nxb1 0-1

[Event "Madrid ch veteranos 2014"]
[Site "Madrid ESP"]
[Date "2014.01.09"]
[Round "3.2"]
[White "Gonzalez Rivera, Eduardo"]
[Black "Garcia Gutierrez, Jose"]
[Result "1-0"]
[WhiteElo "2084"]
[BlackElo "2006"]
[PlyCount "49"]
[EventDate "2014.01.07"]
[EventType "swiss"]
[EventRounds "9"]
[EventCountry "ESP"]
[Source "lmi"]
[SourceDate "2014.01.07"]

1. e4 e6 2. d4 d5 3. Nc3 Nf6 4. Bg5 Bb4 5. e5 h6 6. Bd2 Bxc3 7. bxc3 Ne4 8. Bd3
Nxd2 9. Qxd2 c5 10. Nf3 O-O 11. O-O Nc6 12. dxc5 Qa5 13. Qe3 Bd7 14. Rfb1 Nd8
15. Rb4 Rc8 16. Rg4 f5 17. Qxh6 Rf7 18. Rg6 Qxc3 19. Rd1 Kf8 20. Qh8+ Ke7 21.
Qh4+ Kf8 22. Qh8+ Ke7 23. Rxg7 Be8 24. Rg8 Bd7 25. Qh4+ 1-0

[Event "Madrid ch veteranos 2014"]
[Site "Madrid ESP"]
[Date "2014.01.09"]
[Round "3.3"]
[White "Gil Sierra, Jacinto"]
[Black "Lopez Heras, Arturo"]
[Result "0-1"]
[WhiteElo "2061"]
[BlackElo "1948"]
[PlyCount "68"]
[EventDate "2014.01.07"]
[EventType "swiss"]
[EventRounds "9"]
[EventCountry "ESP"]
[Source "lmi"]
[SourceDate "2014.01.07"]

1. e4 e5 2. Nf3 Nc6 3. Bb5 f5 4. Nc3 fxe4 5. Nxe4 Nf6 6. Qe2 Qe7 7. O-O d5 8.
Nxf6+ gxf6 9. c4 d4 10. Bxc6+ bxc6 11. Qe4 Qe6 12. d3 Rb8 13. Re1 c5 14. Nh4
Bb7 15. Qe2 Rg8 16. f4 Kd7 17. fxe5 Re8 18. Bf4 Bd6 19. Qh5 fxe5 20. Re2 Qg4
21. Qxg4+ Rxg4 22. Bg3 e4 23. Bxd6 cxd6 24. Nf5 Re5 25. dxe4 Bxe4 26. Ng3 Bd3
27. Rxe5 dxe5 28. b3 a5 29. Rd1 Bg6 30. Kf2 e4 31. a3 Rf4+ 32. Ke2 e3 33. b4
axb4 34. axb4 cxb4 0-1